Democratic experiments in Africa (Record no. 7840)

MARC details
000 -LEADER
fixed length control field 00562nam a22001937a 4500
003 - CONTROL NUMBER IDENTIFIER
control field OSt
005 - DATE AND TIME OF LATEST TRANSACTION
control field 20220321134819.0
008 - FIXED-LENGTH DATA ELEMENTS--GENERAL INFORMATION
fixed length control field 220321b ||||| |||| 00| 0 eng d
020 ## - INTERNATIONAL STANDARD BOOK NUMBER
International Standard Book Number 0521-556120
040 ## - CATALOGING SOURCE
Transcribing agency DDC
082 ## - DEWEY DECIMAL CLASSIFICATION NUMBER
Classification number 321.3DEM1997
100 ## - MAIN ENTRY--PERSONAL NAME
Personal name Micheal Bratton
9 (RLIN) 15822
245 ## - TITLE STATEMENT
Title Democratic experiments in Africa
Remainder of title : regime transitions in comparative perspective
260 ## - PUBLICATION, DISTRIBUTION, ETC. (IMPRINT)
Place of publication, distribution, etc. Newyork
Name of publisher, distributor, etc. : Cambridge university
Date of publication, distribution, etc. , C1997
300 ## - PHYSICAL DESCRIPTION
Extent xvi,307p.
Dimensions ; 23 cm
504 ## - BIBLIOGRAPHY, ETC. NOTE
Bibliography, etc Index<br/>Bibliography
650 ## - SUBJECT ADDED ENTRY--TOPICAL TERM
Topical term or geographic name as entry element Democracy in Africa
9 (RLIN) 15947
942 ## - ADDED ENTRY ELEMENTS (KOHA)
Source of classification or shelving scheme Dewey Decimal Classification
Koha item type Book
Holdings
Withdrawn status Lost status Source of classification or shelving scheme Damaged status Not for loan Home library Current library Date acquired Source of acquisition Inventory number Total Checkouts Full call number Barcode Date last seen Price effective from Koha item type
    Dewey Decimal Classification     Faculty of Interdisciplinary Studies Library Faculty of Interdisciplinary Studies Library 21/03/2022 Purchase 11/4410   321.3DEM1997 2022-0525 21/03/2022 21/03/2022 Book
    Dewey Decimal Classification     Faculty of Interdisciplinary Studies Library Faculty of Interdisciplinary Studies Library 21/03/2022 Purchase 11/4412   321.3DEM1997 2022-0526 21/03/2022 21/03/2022 Book